00573 2200181 4500001002100000005001500021007000300036008004100039020002200080035002000102082001100122084001700133100002100150245009800171260006900269300003800338650001500376INLIS00000000000022620231106025100ta231106 g 0 ind  a976-602-8843-22-5 a0010-1123000009 a633.18 a633.18 ABD b0 aAbd. Aziz Syarif1 aBerkat FEATI : Industri Benih Padi Tumbuh, Usaha Tani Untung, P2BN Lancar /cAbd. Aziz Syarif aSukarami :bBalai Pengkajian Teknologi Pertanian Sukarami,c2012 a12 hlm, :bilus, ;c19 cm x 25 cm 4aBenih Padi